000 00697cam a2200157 4500500
005 20260201094500.0
041 _afre
042 _adc
100 1 0 _aBronchtein, Ofer
_eauthor
245 0 0 _aCoopérations civiles israélo-palestiniennes
260 _c2005.
500 _a70
520 _aMalgré la construction d’un mur dit « de protection », malgré les attentats, des individus et des associations d’Israël et de Palestine travaillent ensemble pour favoriser les échanges et encourager la réconciliation.
786 0 _nRevue Projet | 289 | 6 | 2005-06-01 | p. 13-19 | 0033-0884
856 4 1 _uhttps://shs.cairn.info/revue-projet-2005-6-page-13?lang=fr&redirect-ssocas=7080
999 _c1640767
_d1640767